Alekseĭ Zubov : pervyĭ vidopiset︠s︡ Sankt-Peterburga /
Saved in:
| Main Author: | |
|---|---|
| Other Authors: | |
| Format: | Book |
| Language: | Russian |
| Published: |
Moskva :
Belyĭ gorod,
2003.
|
| Subjects: | |
| Tags: |
Add Tag
No Tags, Be the first to tag this record!
|
| LEADER | 01135cam a22002894a 4500 | ||
|---|---|---|---|
| 001 | 009228551-1 | ||
| 005 | 20050519164347.0 | ||
| 008 | 040123s2003 ru a b 000 0brusoc | ||
| 020 | |a 5779304599 | ||
| 035 | 0 | |a ocm54075768 | |
| 040 | |a ZCU |c ZCU |d OCLCQ |d MH-FA | ||
| 042 | |a pcc | ||
| 043 | |a e-ur--- |a e-ru--- | ||
| 050 | 4 | |a NE678.Z78 |b L43 2003 | |
| 100 | 1 | |a Lebedi︠a︡nskiĭ, M. S. |q (Mikhail Sergeevich), |d 1939- | |
| 245 | 1 | 0 | |a Alekseĭ Zubov : |b pervyĭ vidopiset︠s︡ Sankt-Peterburga / |c Mikhail Lebedi︠a︡nskiĭ. |
| 260 | |a Moskva : |b Belyĭ gorod, |c 2003. | ||
| 300 | |a 171 p. : |b ill. ; |c 29 cm. | ||
| 600 | 1 | 0 | |a Zubov, Alekseĭ Fedorovich, |d 1682-1751. |
| 650 | 0 | |a Engravers |z Russia |v Biography. | |
| 651 | 0 | |a Saint Petersburg (Russia) |v Pictorial works. | |
| 600 | 1 | 0 | |a Zubov, Alekseĭ Fedorovich, |d 1682-1751 |x Criticism and interpretation. |
| 655 | 7 | |a Criticism, interpretation, etc. |2 fast | |
| 700 | 1 | |a Zubov, Alekseĭ Fedorovich, |d 1682-1751. | |
| 776 | 0 | 8 | |i Online version: |a Lebedi͡anskiĭ, M.S. (Mikhail Sergeevich), 1939- |t Alekseĭ Zubov. |d Moskva : Belyĭ gorod, 2003 |w (OCoLC)644133802 |
| 988 | |a 20031031 | ||
| 906 | |0 OCLC | ||


